<?xml version="1.0" encoding="UTF-8"?>
<collection xmlns="http://www.loc.gov/MARC21/slim">
    <record>
        <controlfield tag="001">16608</controlfield>
        <controlfield tag="005">20170831220610.0</controlfield>
        <datafield tag="037" ind1=" " ind2=" ">
            <subfield code="a">TAZ-TFM-2014-642</subfield>
        </datafield>
        <datafield tag="041" ind1=" " ind2=" ">
            <subfield code="a">spa</subfield>
        </datafield>
        <datafield tag="100" ind1="1" ind2=" ">
            <subfield code="a">Domínguez Vela, Irene</subfield>
        </datafield>
        <datafield tag="245" ind1="0" ind2="0">
            <subfield code="a">Las escuelas alternativas: el caso de "La Escuelita"</subfield>
        </datafield>
        <datafield tag="260" ind1=" " ind2=" ">
            <subfield code="a">Zaragoza</subfield>
            <subfield code="b">Universidad de Zaragoza</subfield>
            <subfield code="c">2014</subfield>
        </datafield>
        <datafield tag="506" ind1=" " ind2=" ">
            <subfield code="a">by-nc-sa</subfield>
            <subfield code="b">Creative Commons</subfield>
            <subfield code="c">3.0</subfield>
            <subfield code="u">http://creativecommons.org/licenses/by-nc-sa/3.0/</subfield>
        </datafield>
        <datafield tag="500" ind1=" " ind2=" ">
            <subfield code="a">Throughout history, there have been paradigms and education patterns which have given education an emancipating vision. Nowadays, there are alternative pedagogical initiatives which support the development of this emancipating objective focusing on a respect to life processes, freedom and active learning from experience. Taking an ethnographic case as a starting point, deep research was done through active observation, interviews and analysis of documents at an alternative school in Zaragoza. The aim was to know and understand this reality and its meaning, focusing on social communicative education processes at that school.  The results made it clear that there was a high social awareness and commitment which could be dealt with in further research. Therefore, this shows that these alternative pedagogical initiatives which create emancipating life and learning, taking respect, freedom and love as basic principles, may clearly be the pillars of human progress.</subfield>
        </datafield>
        <datafield tag="520" ind1=" " ind2=" ">
            <subfield code="a">Una visión emancipadora de la educación ha sido aportada por paradigmas y modelos educativos a lo largo de la historia. En la actualidad, existen iniciativas pedagógicas alternativas que apoyan el desarrollo de este objetivo emancipador, a través de una educación centrada en el respeto a los procesos vitales, la libertad y el aprendizaje activo y vivencial. Se presenta como estudio de caso etnográfico, la  investigación de una escuela alternativa de la ciudad de Zaragoza, a través de la observación participante, entrevistas y análisis de documentos. Se ha pretendido conocer y comprender los significados de esta realidad, profundizando en los procesos sociales, educativos y comunicativos que allí se generan. Los resultados apuntan hacia una realidad cargada de compromiso y conciencia social, y de éstos emergen algunas cuestiones en las que sería interesante indagar en próximas investigaciones. Este estudio muestra que existen iniciativas pedagógicas creadas para generar una alternativa emancipadora de vida y aprendizaje, donde el respeto, la libertad, el amor y la diversidad sean los pilares del desarrollo humano.</subfield>
        </datafield>
        <datafield tag="521" ind1=" " ind2=" ">
            <subfield code="a">Máster Universitario en Aprendizaje a lo largo de la vida en contextos multiculturales</subfield>
        </datafield>
        <datafield tag="540" ind1=" " ind2=" ">
            <subfield code="a">Derechos regulados por licencia Creative Commons</subfield>
        </datafield>
        <datafield tag="653" ind1="1" ind2=" ">
            <subfield code="a">educación</subfield>
        </datafield>
        <datafield tag="653" ind1="1" ind2=" ">
            <subfield code="a">emancipación</subfield>
        </datafield>
        <datafield tag="653" ind1="1" ind2=" ">
            <subfield code="a">escuela alternativa</subfield>
        </datafield>
        <datafield tag="653" ind1="1" ind2=" ">
            <subfield code="a">valores</subfield>
        </datafield>
        <datafield tag="653" ind1="1" ind2=" ">
            <subfield code="a">estudio de caso etnográfico</subfield>
        </datafield>
        <datafield tag="653" ind1="1" ind2=" ">
            <subfield code="a">conciencia social</subfield>
        </datafield>
        <datafield tag="700" ind1=" " ind2=" ">
            <subfield code="a">Arraiz Pérez, Ana</subfield>
            <subfield code="e">dir.</subfield>
        </datafield>
        <datafield tag="700" ind1=" " ind2=" ">
            <subfield code="a">Sabirón Sierra, Fernando</subfield>
            <subfield code="e">dir.</subfield>
        </datafield>
        <datafield tag="710" ind1="2" ind2=" ">
            <subfield code="a">Universidad de Zaragoza</subfield>
            <subfield code="b">Ciencias de la Educación</subfield>
            <subfield code="c">Métodos de Investigación y Diagnóstico en Educ.</subfield>
        </datafield>
        <datafield tag="856" ind1="0" ind2=" ">
            <subfield code="f">512496@celes.unizar.es</subfield>
        </datafield>
        <datafield tag="856" ind1="4" ind2=" ">
            <subfield code="s">4132226</subfield>
            <subfield code="u">http://zaguan.unizar.es/record/16608/files/TAZ-TFM-2014-642.pdf</subfield>
            <subfield code="y">Memoria (spa)</subfield>
        </datafield>
        <datafield tag="909" ind1="C" ind2="O">
            <subfield code="o">oai:zaguan.unizar.es:16608</subfield>
            <subfield code="p">driver</subfield>
            <subfield code="p">trabajos-fin-master</subfield>
        </datafield>
        <datafield tag="950" ind1=" " ind2=" ">
            <subfield code="a"></subfield>
        </datafield>
        <datafield tag="980" ind1=" " ind2=" ">
            <subfield code="a">TAZ</subfield>
            <subfield code="b">TFM</subfield>
            <subfield code="c">FEDU</subfield>
        </datafield>
    </record>

    
</collection>